000 00287nam a22001337a 4500
008 181219b xxu||||| |||| 00| 0 eng d
020 _a9780671701758
041 _aeng
080 _a710
100 _a44
101 _aART
245 _aThe Silk Road
_cColin.TH
942 _2udc
_cBK
999 _c53497
_d53497